Actividad óptica, dispersión rotatoria óptica y dicroismo circular en química orgánica
Guardat en:
| Autor principal: | |
|---|---|
| Format: | Llibre |
| Idioma: | espanyol |
| Publicat: |
Washington, D.C
Organización de los Estados Americanos Secretaría General
1981
|
| Edició: | 2a. ed |
| Col·lecció: | Serie de Química, Monografía, 11
|
| Matèries: | |
| Etiquetes: |
Afegir etiqueta
Sense etiquetes, Sigues el primer a etiquetar aquest registre!
|
MARC
| LEADER | 00000nam a2200000 a 4500 | ||
|---|---|---|---|
| 001 | UCW2638 | ||
| 003 | CL-VaPUC | ||
| 008 | 900828e19810000US |||||||||||||||||spa|d | ||
| 082 | 0 | 4 | |a 544.17 |b CRA |2 21 |
| 100 | 0 | |a Crabbé, Pierre |e author |9 306899 | |
| 245 | 1 | 0 | |a Actividad óptica, dispersión rotatoria óptica y dicroismo circular en química orgánica |
| 250 | |a 2a. ed | ||
| 300 | |a 70 p | ||
| 942 | |c BK | ||
| 945 | |d 19900828 00:00:00 | ||
| 260 | |a Washington, D.C |b Organización de los Estados Americanos Secretaría General |c 1981 | ||
| 650 | 7 | |a ROTACION OPTICA |2 CL-VaPUC |9 260162 | |
| 650 | 0 | |a Química orgánica |9 259426 | |
| 583 | |a last modification |c 19900828 00:00:00 |k Rodrigo Vera | ||
| 490 | 0 | |a Serie de Química, Monografía, 11 | |
| 999 | |c 217144 |d 217142 | ||
| 952 | |0 0 |1 0 |4 0 |6 544_170000000000000_CRA_1981 |7 0 |8 A |9 203833 |a BIBCUR |b BIBCUR |d 2019-11-15 |i 271096K |o 544.17 CRA 1981 |p 271096K |r 2025-04-22 |w 2019-11-15 |y BK |k QUI | ||